Top 100 All-Time NBA Players - Statistics

General Stats
  • This quiz has been taken 21,753 times
  • The average score is 62 of 100
Answer Stats
Rank Player Position Main Team Career % Correct
3 LeBron James SF Cavaliers 2003-
99%
1 Michael Jordan SG Bulls 1984-03
99%
2 Kareem Abdul-Jabbar C Lakers 1969-89
97%
12 Kobe Bryant SG Lakers 1996-16
96%
6 Larry Bird SF Celtics 1979-92
96%
4 Magic Johnson PG Lakers 1979-96
96%
9 Shaquille O'Neal C Lakers 1992-11
96%
23 Stephen Curry PG Warriors 2009-
95%
5 Wilt Chamberlain C Warriors 1959-73
95%
8 Tim Duncan PF Spurs 1997-16
94%
7 Bill Russell C Celtics 1956-69
92%
13 Jerry West SG Lakers 1960-74
92%
22 Kevin Durant SF Thunder 2007-
92%
10 Hakeem Olajuwon C Rockets 1984-02
91%
17 Dirk Nowitzki PF Mavericks 1998-19
89%
16 Karl Malone PF Jazz 1985-04
88%
25 Scottie Pippen SF Bulls 1987-04
88%
21 Kevin Garnett PF Timberwolves 1995-16
87%
27 Dwyane Wade SG Heat 2003-19
86%
14 Julius Erving SF 76ers 1971-87
86%
15 Moses Malone C 76ers 1974-95
86%
29 Chris Paul PG Clippers 2005-26
84%
19 John Stockton PG Jazz 1984-03
84%
49 Russell Westbrook PG Thunder 2008-
84%
20 David Robinson C Spurs 1989-03
82%
26 Isiah Thomas PG Pistons 1981-94
82%
11 Oscar Robertson PG Royals 1960-74
82%
30 Steve Nash PG Suns 1996-15
81%
46 Allen Iverson SG 76ers 1996-10
79%
97 James Harden SG Rockets 2009-
79%
32 Patrick Ewing C Knicks 1985-02
79%
59 Carmelo Anthony SF Knicks 2003-22
75%
50 Ray Allen SG Bucks 1996-14
74%
58 Tony Parker PG Spurs 2002-19
74%
35 Jason Kidd PG Nets 1994-13
73%
56 Pau Gasol PF Grizzlies 2001-19
73%
18 Charles Barkley PF 76ers 1984-00
72%
95 Marc Gasol C Grizzlies 2008-21
72%
45 Paul Pierce SF Celtics 1998-17
72%
51 Reggie Miller SG Pacers 1987-05
72%
61 Manu Ginobili SG Spurs 2002-18
70%
36 Clyde Drexler SG Trail Blazers 1984-98
69%
64 Dennis Rodman PF Pistons 1986-00
69%
41 Gary Payton PG SuperSonics 1990-07
69%
69 Vince Carter SG Raptors 1998-20
69%
84 Dennis Johnson PG Celtics 1976-90
68%
67 Dwight Howard C Magic 2004-22
68%
39 Bob Cousy PG Celtics 1950-70
66%
24 Elgin Baylor SF Lakers 1958-71
66%
44 Dominique Wilkins SF Hawks 1982-99
65%
31 Kevin McHale PF Celtics 1980-93
63%
93 Lenny Wilkens PG Hawks 1960-75
63%
34 Bob Pettit PF Hawks 1954-65
62%
43 James Worthy SF Lakers 1982-94
62%
75 Blake Griffin PF Clippers 2009-23
61%
86 Chris Bosh PF Raptors 2003-16
61%
63 Tracy McGrady SG Magic 1997-12
61%
89 Yao Ming C Rockets 2002-11
61%
42 Bill Walton C Trail Blazers 1974-87
60%
28 John Havlicek SF Celtics 1962-78
60%
99 Kevin Love PF Cavaliers 2008-
57%
100 Shawn Kemp PF SuperSonics 1989-03
56%
33 George Mikan C Lakers 1947-56
55%
37 Rick Barry SF Warriors 1965-80
55%
57 Robert Parish C Celtics 1976-97
54%
47 George Gervin SG Spurs 1972-86
53%
38 Walt Frazier PG Knicks 1967-80
53%
53 Wes Unseld C Bullets 1968-81
53%
65 Alonzo Mourning C Heat 1992-08
52%
73 Dikembe Mutombo C Nuggets 1991-09
50%
62 Alex English SF Nuggets 1976-91
48%
66 Chris Webber PF Kings 1993-08
47%
52 Bob McAdoo C Braves 1972-86
46%
48 Willis Reed C Knicks 1964-74
46%
87 Chauncey Billups PG Pistons 1997-14
45%
77 Joe Dumars SG Pistons 1985-99
45%
83 Chris Mullin SF Warriors 1985-01
44%
82 David Thompson SG Nuggets 1975-84
43%
40 Elvin Hayes PF Bullets 1968-84
43%
71 Pete Maravich SG Jazz 1970-80
42%
70 Artis Gilmore C Bulls 1971-88
38%
94 Mark Price PG Cavaliers 1986-98
37%
78 Sam Jones SG Celtics 1957-69
37%
96 Bobby Jones PF 76ers 1974-86
36%
54 Bernard King SF Knicks 1977-93
34%
55 Dave Cowens C Celtics 1970-83
34%
80 Grant Hill SF Pistons 1994-13
33%
81 Sidney Moncrief SG Bucks 1979-91
29%
72 Adrian Dantley SF Jazz 1976-91
28%
76 Nate Archibald PG Kings 1970-84
27%
92 Nate Thurmond C Warriors 1963-77
26%
74 Dolph Schayes PF Nationals 1949-64
25%
68 Bob Lanier C Pistons 1970-84
23%
60 Earl Monroe SG Knicks 1967-80
23%
90 Paul Arizin SF Warriors 1950-62
23%
98 Gail Goodrich SG Lakers 1965-79
22%
91 Maurice Cheeks PG 76ers 1978-93
21%
79 Jerry Lucas PF Royals 1963-74
20%
88 Billy Cunningham SF 76ers 1965-76
19%
85 Dave DeBusschere PF Pistons 1962-74
18%
No matching quizzes found
Score Distribution
Percent of People with Each Score
Percentile by Number Answered
Your Score History
You have not taken this quiz